000 00761nam a2200241Ia 4500
003 OSt
005 20220923220703.0
006 a|||||r|||| 00| 0
007 ta
008 220922b |||||||| |||| 00| 0 hin d
024 _a189,149
037 _cTextual
040 _aARTS
_cARTS
_bhin
041 _2hin
_ahin
082 _aO152,2N12,17, L2
100 _aविष्णु प्रभाकर
_9156271
245 0 _aयुगे युगे क्रांति
246 _aYuge yuge krāanti
250 _aसंस्क0 2
260 _aदिल्ली
_b राजपाल एण्ड सन्ज
_c1972
942 _hO152,2N12,17, L2
_cTEXL
_2CC
999 _c342002
_d342002